[Event "SK 41 International"]
[Site "Valby"]
[Date "1983.05.12"]
[Round "1"]
[White "Auchenberg, Per"]
[Black "Horvath, Tamas"]
[Result "0-1"]
[WhiteElo "2240"]
[BlackElo "2410"]
[PlyCount "73"]
[EventDate "1983.05.12"]

1. d4 Nf6 2. c4 e6 3. Nf3 c5 4. g3 cxd4 5. Nxd4 Bb4+ 6. Bd2 Qb6 7. Bg2 Nc6 8.
Nb3 Ne5 9. Qc2 d6 10. O-O Bxd2 11. N1xd2 Bd7 12. Qc3 Qc7 13. Qb4 Nc6 14. Qa3
O-O 15. Rac1 Rfd8 16. Rfd1 Be8 17. Ne4 Nxe4 18. Bxe4 Ne5 19. Qa5 b6 20. Qa6
Rac8 21. Nd4 Qe7 22. b3 Rc5 23. Qa3 Rdc8 24. Qb2 Ng4 25. h3 Nf6 26. Bg2 Qc7 27.
Rb1 Bd7 28. Rd2 a6 29. Rbd1 b5 30. cxb5 axb5 31.
Kh2 b4 32. Nf3 Ne4 33. Rd4 Nxf2 34. R1d2 d5 35. Ne1 Rc3 36. Nd3 Nxd3 37. R2xd3
0-1

[Event "SK 41 International"]
[Site "Valby"]
[Date "1983.05.12"]
[Round "1"]
[White "Cramling, Pia"]
[Black "Clausen, Steen"]
[Result "1-0"]
[WhiteElo "2355"]
[BlackElo "2200"]
[PlyCount "105"]
[EventDate "1983.05.12"]

1. Nf3 c5 2. c4 Nc6 3. d4 cxd4 4. Nxd4 g6 5. e4 Bg7 6. Be3 Nf6 7. Nc3 d6 8. Be2
O-O 9. O-O a6 10. f3 Bd7 11. Qd2 Rb8 12. Nc2 Ne5 13. a4 Qc7 14. Na3 Rbc8 15.
Rfc1 Qb8 16. a5 Be6 17. Na4 Nfd7 18. f4 Nc6 19. Nb6 Nxb6 20. Bxb6 f5 21. Bf3
fxe4 22. Bxe4 Bf5 23. Re1 Rce8 24. Nb1 e5 25. Bd5+ Kh8 26. fxe5 Nxe5 27. Nc3
Qc8 28. b3 Be6 29. Rad1 Bxd5 30. Nxd5 Qg4 31. Kh1 Qh5 32. Bg1 Ng4 33. Rxe8 Rxe8
34. Nf4 Qf5 35. h3 Ne5 36. Bh2 Bh6 37. Qd4 Rf8 38. Nd3 Bg7 39. Qxd6 Nxd3 40.
Rxd3 Qxa5 41. Bg1 Qa1 42. Rd1 Qa5 43. Qd7 Qf5 44. Qxb7 g5 45. Rd5 Qg6 46. Qe7
h6 47. Rd8 Rxd8 48. Qxd8+ Kh7 49. Qd7 Qc2 50. c5 Qxb3 51. c6 Qb5 52. Qb7 Qd5
53. Qb1+ 1-0

[Event "SK 41 International"]
[Site "Valby"]
[Date "1983.05.12"]
[Round "1"]
[White "Lengyel, Levente"]
[Black "Pedersen, Finn"]
[Result "1-0"]
[WhiteElo "2415"]
[BlackElo "2325"]
[PlyCount "78"]
[EventDate "1983.05.12"]

1. Nf3 g6 2. e4 Bg7 3. d4 c5 4. d5 d6 5. c4 Nf6 6. Nc3 O-O 7. Be2 e5 8. Bg5 h6
9. Bh4 a6 10. Nd2 Qc7 11. O-O Ne8 12. f3 f5 13. exf5 gxf5 14. Qc2 Qf7 15. a3
Nd7 16. b4 Kh8 17. Rab1 Bf6 18. Bf2 Be7 19. Kh1 Rg8 20. Na4 b6 21. bxc5 bxc5
22. Rg1 Ng7 23. Bd3 h5 24. Nb6 Nxb6 25. Rxb6 h4 26. Bxc5 Nh5 27. Bxd6 Bxd6 28.
Rxd6 Qf8 29. c5 Ng3+ 30. hxg3 hxg3 31. Rb1 Ra7 32. Kg1 Rh7 33. Rbb6 Qe7 34. Rh6
Qg7 35. Rbg6 Qf8 36. Rxh7+ Kxh7 37. Rxg8 Kxg8 38. Nf1 e4 39. fxe4 fxe4 1-0

[Event "SK 41 International"]
[Site "Valby"]
[Date "1983.05.12"]
[Round "1"]
[White "Poulsen, Allan"]
[Black "Kovacs, Laszlo"]
[Result "1-0"]
[WhiteElo "2340"]
[BlackElo "2350"]
[PlyCount "81"]
[EventDate "1983.05.12"]

1. e4 e5 2. Nf3 Nc6 3. Nc3 Nf6 4. Bb5 Bb4 5. O-O O-O 6. d3 Bxc3 7. bxc3 Qe7 8.
Re1 d6 9. h3 Nd8 10. d4 a6 11. Bd3 b6 12. Nh4 g6 13. f4 Ne8 14. Nf3 exf4 15.
Bxf4 Ne6 16. Bg3 N8g7 17. Qd2 f6 18. d5 Nh5 19. Bh2 Nc5 20. Re2 Nd7 21. Rf1 Ne5
22. Ref2 Bd7 23. Nd4 Rae8 24. Bxa6 Ra8 25. Qe2 Ng7 26. g4 h5 27. Rg2 hxg4 28.
hxg4 Bxg4 29. Rxg4 Nxg4 30. Qxg4 Rxa6 31. Qxg6 Qf7 32. Qg2 Kh7 33. Kf2 f5 34.
e5 f4 35. Rh1 Nh5 36. Bg1 dxe5 37. Ne6 Rg8 38. Ng5+ Rxg5 39. Qxg5 Rxa2 40.
Rxh5+ Qxh5 41. Qxh5+ 1-0

[Event "SK 41 International"]
[Site "Valby"]
[Date "1983.05.13"]
[Round "2"]
[White "Brinck Claussen, Bjorn"]
[Black "Auchenberg, Per"]
[Result "0-1"]
[WhiteElo "2380"]
[BlackElo "2240"]
[PlyCount "64"]
[EventDate "1983.05.12"]

1. d4 f5 2. Bg5 g6 3. Nc3 d5 4. h4 Bg7 5. e3 c6 6. Nf3 Nd7 7. h5 h6 8. hxg6
hxg5 9. Rxh8 Bxh8 10. Nxg5 Bf6 11. Ne6 Qb6 12. Bb5 Nf8 13. Nxd5 Qa5+ 14. b4 Qa3
15. Ndc7+ Kd7 16. Nxf8+ Kxc7 17. Bd3 Qxb4+ 18. Kf1 e5 19. Nh7 exd4 20. Rb1 Qd6
21. Qh5 dxe3 22. fxe3 Qe5 23. Ke2 Bd7 24. Rf1 Re8 25. Rf3 Ne7 26. Nxf6 Qxf6 27.
g4 Rh8 28. g5 Qa1 29. Qh7 Rxh7 30. gxh7 Qg7 31. Rh3 Ng6 32. Rh6 Nh8 0-1

[Event "SK 41 International"]
[Site "Valby"]
[Date "1983.05.13"]
[Round "2"]
[White "Clausen, Steen"]
[Black "Lengyel, Levente"]
[Result "1/2-1/2"]
[WhiteElo "2200"]
[BlackElo "2415"]
[PlyCount "23"]
[EventDate "1983.05.12"]

1. d4 Nf6 2. Nf3 e6 3. Bf4 c5 4. c3 Be7 5. e3 Nh5 6. Bg3 b6 7. Nbd2 Bb7 8. Bd3
O-O 9. Bxb8 Rxb8 10. g4 Nf6 11. Rg1 cxd4 12. Nxd4 1/2-1/2

[Event "SK 41 International"]
[Site "Valby"]
[Date "1983.05.13"]
[Round "2"]
[White "Pedersen, Finn"]
[Black "Poulsen, Allan"]
[Result "1/2-1/2"]
[WhiteElo "2325"]
[BlackElo "2340"]
[PlyCount "81"]
[EventDate "1983.05.12"]

1. e4 c5 2. c3 e6 3. d4 d5 4. exd5 exd5 5. Nf3 Nc6 6. dxc5 Bxc5 7. Be2 Nge7 8.
O-O O-O 9. Nbd2 Bb6 10. Nb3 Bf5 11. Bf4 Ng6 12. Bg3 Be4 13. Nfd4 Nge5 14. f3
Bg6 15. Bf2 Nc4 16. Nxc6 bxc6 17. Bxc4 dxc4 18. Nc5 Bd3 19. Nxd3 cxd3 20. Qd2
Qd5 21. b3 Rfe8 22. Rad1 Rad8 23. c4 Qd6 24. Bxb6 axb6 25. Rde1 Qd4+ 26. Kh1 h6
27. h3 b5 28. cxb5 cxb5 29. Kh2 b4 30. f4 Qc5 31. Rxe8+ Rxe8 32. Rd1 Rd8 33.
Kh1 Rd6 34. Kh2 h5 35. Kh1 h4 36. Kh2 Rd4 37. Kh1 Qc2 38. Kh2 g6 39. Qe3 Qxd1
40. Qxd4 Qe2 41. Qd8+ 1/2-1/2

[Event "SK 41 International"]
[Site "Valby"]
[Date "1983.05.13"]
[Round "2"]
[White "Hvenekilde, Jorgen"]
[Black "Kovacs, Laszlo"]
[Result "1/2-1/2"]
[WhiteElo "2260"]
[BlackElo "2350"]
[PlyCount "80"]
[EventDate "1983.05.12"]

1. d4 Nf6 2. c4 e6 3. Nc3 d5 4. Bg5 Nbd7 5. Nf3 c6 6. cxd5 exd5 7. e3 Bd6 8.
Bd3 O-O 9. Qc2 h6 10. Bh4 Re8 11. O-O-O b5 12. Kb1 Rb8 13. Ne2 c5 14. dxc5 Nxc5
15. Ned4 Bd7 16. Bf5 Nce4 17. Rc1 Rc8 18. Qe2 Rc4 19. g4 Qb6 20. Bxf6 Nxf6 21.
Bxd7 Nxd7 22. Rhd1 Bf8 23. h3 Rec8 24. Nd2 Qg6+ 25. Nf5 Rxc1+ 26. Rxc1 Rxc1+
27. Kxc1 Qc6+ 28. Kb1 Nc5 29. Nb3 Nxb3 30. axb3 a6 31. Qc2 Qe8 32. Nd4 g6 33.
Ka2 Bg7 34. Qc6 Qe4 35. Qc8+ Kh7 36. Qxa6 Bxd4 37. exd4 Qxd4 38. Qxb5 Qa7+ 39.
Kb1 Qxf2 40. Qxd5 Qg1+ 1/2-1/2

[Event "SK 41 International"]
[Site "Valby"]
[Date "1983.05.14"]
[Round "3"]
[White "Auchenberg, Per"]
[Black "Hvenekilde, Jorgen"]
[Result "1/2-1/2"]
[WhiteElo "2240"]
[BlackElo "2260"]
[PlyCount "78"]
[EventDate "1983.05.12"]

1. d4 Nf6 2. c4 e6 3. Nf3 d5 4. Nc3 Be7 5. Bg5 O-O 6. e3 Nbd7 7. Rc1 Re8 8. Qc2
dxc4 9. Bxc4 a6 10. O-O b5 11. Bd3 Bb7 12. Ne4 Nxe4 13. Bxe7 Qxe7 14. Bxe4 Bxe4
15. Qxe4 c5 16. dxc5 Nxc5 17. Qc2 Nd7 18. Qc7 Nf6 19. Qxe7 Rxe7 20. Rc6 Nd5 21.
a3 Rc7 22. Rxc7 Nxc7 23. Rc1 Nd5 24. Kf1 Nb6 25. b3 Rc8 26. Rxc8+ Nxc8 27. Ke2
Kf8 28. Kd3 Ke7 29. Kc3 Nd6 30. Kb4 Nb7 31. Ne5 f6 32. Nc6+ Kd6 33. Nb8 Kc7 34.
Nxa6+ Kb6 35. Nb8 Kc7 36. Kxb5 Nd6+ 37. Kc5 Nb7+ 38. Kb5 Nd6+ 39. Kc5 Nb7+
1/2-1/2

[Event "SK 41 International"]
[Site "Valby"]
[Date "1983.05.14"]
[Round "3"]
[White "Lengyel, Levente"]
[Black "Horvath, Tamas"]
[Result "1/2-1/2"]
[WhiteElo "2415"]
[BlackElo "2410"]
[PlyCount "28"]
[EventDate "1983.05.12"]

1. d4 Nf6 2. c4 e6 3. Nc3 d5 4. Bg5 Be7 5. e3 O-O 6. Nf3 h6 7. Bh4 b6 8. Bd3
Bb7 9. O-O Nbd7 10. Qe2 Ne4 11. Bxe7 Qxe7 12. Rac1 Nxc3 13. Rxc3 dxc4 14. Bxc4
c5 1/2-1/2

[Event "SK 41 International"]
[Site "Valby"]
[Date "1983.05.15"]
[Round "4"]
[White "Auchenberg, Per"]
[Black "Cramling, Pia"]
[Result "0-1"]
[WhiteElo "2240"]
[BlackElo "2355"]
[PlyCount "68"]
[EventDate "1983.05.12"]

1. d4 Nf6 2. c4 e6 3. Nf3 c5 4. g3 cxd4 5. Nxd4 d5 6. Bg2 e5 7. Nf3 d4 8. O-O
Nc6 9. e3 Bc5 10. exd4 exd4 11. Nbd2 O-O 12. Nb3 Qb6 13. Nxc5 Qxc5 14. b3 Bf5
15. Bb2 Rad8 16. Rc1 h6 17. h3 Rd6 18. a3 a5 19. Re1 Rfd8 20. Nh4 Bh7 21. Bf1
d3 22. Re3 d2 23. Ra1 Nd4 24. Bc3 Ne4 25. b4 Qa7 26. c5 R6d7 27. Bxd4 Rxd4 28.
Nf3 R4d7 29. Be2 axb4 30. axb4 Qxa1 31. Qxa1
d1=Q+ 32. Bxd1 Rxd1+ 33. Qxd1 Rxd1+ 34. Kg2 g5 0-1

[Event "SK 41 International"]
[Site "Valby"]
[Date "1983.05.15"]
[Round "4"]
[White "Horvath, Tamas"]
[Black "Poulsen, Allan"]
[Result "1/2-1/2"]
[WhiteElo "2410"]
[BlackElo "2340"]
[PlyCount "82"]
[EventDate "1983.05.12"]

1. e4 d5 2. exd5 Qxd5 3. Nc3 Qa5 4. d4 Nf6 5. Nf3 Bf5 6. Ne5 c6 7. g4 Be6 8.
Bg2 Nbd7 9. Nxd7 Bxd7 10. h3 h5 11. g5 Nd5 12. Bxd5 cxd5 13. Qf3
g6 14. Bf4 Bg7 15. O-O-O Be6 16. Rhe1 O-O 17. Be5 Rac8 18. Bxg7 Kxg7 19. Kb1
Rc6 20. Re5 Rfc8 21. Rd3 b5 22. Rxd5 Bxd5 23. Qxd5 Re6 24. Re3 Qd8 25. Qxd8
Rxd8 26. Rxe6 fxe6 27. Nxb5 e5 28. c3 exd4 29. Nxd4 Kf7 30. f4 Rd5 31. b4 e5
32. fxe5 Rxe5 33. Nc6 Rxg5 34. Nxa7 Ke7 35. a4 Kd7 36. a5 Kc7 37. c4 Kb7 38.
Nb5 Rxb5 39. cxb5 g5 40. Kc2 g4 41. hxg4 h4 1/2-1/2

[Event "SK 41 International"]
[Site "Valby"]
[Date "1983.05.15"]
[Round "4"]
[White "Clausen, Steen"]
[Black "Kovacs, Laszlo"]
[Result "0-1"]
[WhiteElo "2200"]
[BlackElo "2350"]
[PlyCount "96"]
[EventDate "1983.05.12"]

1. d4 Nf6 2. c4 e6 3. Nc3 Bb4 4. Qc2 c5 5. dxc5 Nc6 6. e3 Bxc5 7. a3 a5 8. Nf3
O-O 9. b3 d5 10. Bb2 Qe7 11. Be2 dxc4 12. Bxc4 e5 13. Nd5 Nxd5 14. Bxd5 Bd6 15.
O-O Be6 16. Bxc6 bxc6 17. Bxe5 Bxa3 18. Qxc6 Rfc8 19. Qe4 Bxb3 20. Qg4 g6 21.
Qf4 Ra6 22. Nd2 Bd5 23. Ne4 Bxe4 24. Qxe4 Bd6 25. Qd3 Qxe5 26. f4 Qxe3+ 27.
Qxe3 Bc5 28. Rf3 a4 29. Qxc5 Rxc5 30. Rfa3 Rc4 31. g3 h5 32. Kf2 Rc2+ 33. Kf3
Rxh2 34. Rxa4 Rb6 35. R1a3 Kg7 36. Re3 h4 37. Kg4 h3 38. Ra1 Kh6 39. Rg1 Rb5
40. Kf3 f5 41. Rd3 Rbb2 42. Ke3 Rbe2+ 43. Kd4 Kh5 44. Ra3 Rhg2 45. Rh1 h2 46.
Ra8 Kg4 47. Ra6 Rg1 48. Ra1 Rxh1 0-1

[Event "SK 41 International"]
[Site "Valby"]
[Date "1983.05.15"]
[Round "4"]
[White "Hvenekilde, Jorgen"]
[Black "Pedersen, Finn"]
[Result "1-0"]
[WhiteElo "2260"]
[BlackElo "2325"]
[PlyCount "109"]
[EventDate "1983.05.12"]

1. c4 e5 2. Nc3 Nc6 3. g3 g6 4. Bg2 Bg7 5. Rb1 a5 6. a3 d6 7. b4 axb4 8. axb4
f5 9. b5 Nce7 10. d3 Nf6 11. e3 O-O 12. Nge2 g5 13. f4 exf4 14. exf4 g4 15. Qb3
Re8 16. O-O h5 17. Be3 h4 18. Bf2 Ng6 19. Rfe1 Kh7 20. Nd5 Nxd5 21. cxd5 h3 22.
Bf1 Bd7 23. Nd4 Qf6 24. Qc4 Rec8 25. Re2 Qf7 26. Rbe1 Bxd4 27. Bxd4 Ra5 28. Rb1
b6 29. Bc3 Ra7 30. Rbe1 Rf8 31. Re3 Bc8 32. Be2 Bd7 33. Bd1 Bc8 34. Bb3 Bd7 35.
R3e2 Rfa8 36. Bb2 Kh6 37. Qc3 Rf8 38. Bc4 Kh7 39. Re3 Raa8 40. Kf2 Kh6 41. R1e2 Qh7 42. Qe1 Rac8
43. Bd4 Kh5 44. Qc3 Qf7 45. Bg7 Rg8 46. Bf6 Rge8 47. Bg5 Rxe3 48. Rxe3 Rf8
49. Re2 Qh7 50. Ra2 Qf7 51. Ra7 Rc8 52. Qa1 Qg8 53. Ke2 Ne5 54. Kf2 Nxc4 55. dxc4
1-0

[Event "SK 41 International"]
[Site "Valby"]
[Date "1983.05.17"]
[Round "5"]
[White "Poulsen, Allan"]
[Black "Brinck Claussen, Bjorn"]
[Result "1-0"]
[WhiteElo "2340"]
[BlackElo "2380"]
[PlyCount "49"]
[EventDate "1983.05.12"]

1. e4 c6 2. c4 d5 3. exd5 cxd5 4. d4 Nf6 5. Nc3 e6 6. Nf3 Be7 7. cxd5 Nxd5 8.
Bd3 Nc6 9. O-O O-O 10. Re1 Bf6 11. Be4 Nce7 12. Ne5 Nxc3 13. bxc3 Bxe5 14. dxe5
Qxd1 15. Rxd1 Nd5 16. Ba3 Re8 17. Rac1 b5 18. Bxd5 exd5 19. Rxd5 a6 20. f4 Be6
21. Rd2 Rec8 22. Bd6 Rc4 23. g3 Rac8 24. Bb4 Rxb4 25. Rcd1 1-0

[Event "SK 41 International"]
[Site "Valby"]
[Date "1983.05.17"]
[Round "5"]
[White "Cramling, Pia"]
[Black "Hvenekilde, Jorgen"]
[Result "0-1"]
[WhiteElo "2355"]
[BlackElo "2260"]
[PlyCount "52"]
[EventDate "1983.05.12"]

1. Nf3 Nf6 2. c4 g6 3. Nc3 Bg7 4. e4 d6 5. d4 O-O 6. h3 e5 7. d5 c6 8. Be3 cxd5
9. cxd5 Na6 10. Nd2 Ne8 11. Nc4 f5 12. Be2 Nf6 13. O-O f4 14. Bd2 Rf7 15. Qc2
Bf8 16. Rfc1 g5 17. Nb5 h5 18. Ba5 b6 19. Bc3 g4 20. Nxe5 dxe5 21. Bxe5 gxh3
22. Nc7 Nb4 23. Qc3 Nxe4 24. Qd4 Bf5 25. Ne6 Qh4 26. Bxf4 Bc5 0-1

[Event "SK 41 International"]
[Site "Valby"]
[Date "1983.05.17"]
[Round "5"]
[White "Pedersen, Finn"]
[Black "Clausen, Steen"]
[Result "1-0"]
[WhiteElo "2325"]
[BlackElo "2200"]
[PlyCount "55"]
[EventDate "1983.05.12"]

1. e4 c5 2. Nf3 d6 3. d4 cxd4 4. Nxd4 Nf6 5. Nc3 a6 6. f4 e5 7. Nf3 Bg4 8. fxe5
Bxf3 9. gxf3 Nh5 10. Be3 Nc6 11. f4 g6 12. Qg4 dxe5 13. Nd5 Bb4+ 14. c3 Ba5 15.
O-O-O O-O 16. f5 Nf6 17. Nxf6+ Qxf6 18. Bg5 Qh8 19. Qh4 h6 20. Bxh6 Ne7 21. f6
Nc6 22. Qg5 Rfd8 23. Bc4 Rxd1+ 24. Rxd1 Qh7 25. Rg1 Nd8 26. Qh4 Rc8 27. Rxg6+
Kh8 28. Bg7+ 1-0

[Event "SK 41 International"]
[Site "Valby"]
[Date "1983.05.19"]
[Round "6"]
[White "Brinck Claussen, Bjorn"]
[Black "Kovacs, Laszlo"]
[Result "1-0"]
[WhiteElo "2380"]
[BlackElo "2350"]
[PlyCount "161"]
[EventDate "1983.05.12"]

1. d4 Nf6 2. c4 e6 3. Nc3 Bb4 4. e3 c5 5. Bd3 d5 6. Nf3 Nc6 7. O-O cxd4 8. exd4
dxc4 9. Bxc4 O-O 10. a3 Be7 11. Re1 a6 12. Ba2 b5 13. d5 exd5 14. Nxd5 Nxd5 15.
Qxd5 Bb7 16. Qh5 Qd6 17. Bg5 Bxg5 18. Nxg5 Qh6 19. Bxf7+ Kh8 20. Rad1 Rad8 21.
Ne6 Rxd1 22. Rxd1 Qxh5 23. Bxh5 Rg8 24. Bf7 Ra8 25. h4 Ne5 26. Rd8+ Rxd8 27.
Nxd8 Be4 28. Be6 Bg6 29. b4 Nc4 30. Bxc4 bxc4 31. Kf1 Kg8 32. Ne6 Kf7 33. Nc5
c3 34. Ke2 Ke7 35. f3 Kd6 36. Ne4+ Kd5 37. Kd3 c2 38. Kxc2 Kc4 39. Kb2 Kd3 40.
Ng5 Ke3 41. Ne6 Bd3 42. Nxg7 Bf1 43. Nh5 Kf2 44. Nf6 Bd3 45. Kc3 Bb1 46. g4
Kxf3 47. Kd4 Kg3 48. Ke5 Kxh4 49. Kf4 Bc2 50. Nd7 Bd1 51. g5 Kh5 52. Nc5 Be2
53. Kf5 Bc4 54. a4 Be2 55. Kf6 Bc4 56. Ne4 Bd3 57. Nd6 h6 58. gxh6 Kxh6 59. Nb7
Bc2 60. Nc5 Bd1 61. Ke5 Kg6 62. Kd6 Kf5 63. Kc6 Ke5 64. Kb6 Kd5 65. Ka5 Kc6 66.
Nxa6 Be2 67. b5+ Kb7 68. Kb4 Kb6 69. Nc5 Bf1 70. Ne4 Bd3 71. Nd2 Be2 72. Nc4+
Kb7 73. Kc5 Bf3 74. Nd6+ Ka7 75. a5 Bg2 76. Nc8+ Kb7 77. Ne7 Bf1 78. Nc6 Be2
79. Nb4 Bf3 80. a6+ Kc7 81. Nc6 1-0

[Event "SK 41 International"]
[Site "Valby"]
[Date "1983.05.19"]
[Round "6"]
[White "Cramling, Pia"]
[Black "Lengyel, Levente"]
[Result "1/2-1/2"]
[WhiteElo "2355"]
[BlackElo "2415"]
[PlyCount "69"]
[EventDate "1983.05.12"]

1. e4 e5 2. Nf3 Nc6 3. Bb5 a6 4. Ba4 Nf6 5. O-O Be7 6. Bxc6 dxc6 7. d3 Nd7 8.
Nbd2 O-O 9. Nc4 f6 10. Nh4 Nc5 11. Nf5 Bxf5 12. exf5 Re8 13. Be3 e4 14. d4 Na4
15. c3 b5 16. Qc2 Nxc3 17. Qxc3 bxc4 18. Bf4 Qd5 19. Rac1 Rab8 20. Qxc4 Rxb2
21. Qxc6 Qxc6 22. Rxc6 Rxa2 23. Rxc7 Ra5 24. g4 Rd5 25. Rb1 h5 26. h3 hxg4 27.
hxg4 Rxd4 28. Rbb7 Bf8 29. Ra7 e3 30. fxe3 Rd2 31. Rxa6 Rb2 32. Raa7 Rd8
33. Rd7 Rc8 34. Rac7 Ra8 35. Ra7 1/2-1/2

[Event "SK 41 International"]
[Site "Valby"]
[Date "1983.05.19"]
[Round "6"]
[White "Horvath, Tamas"]
[Black "Pedersen, Finn"]
[Result "0-1"]
[WhiteElo "2410"]
[BlackElo "2325"]
[PlyCount "50"]
[EventDate "1983.05.12"]

1. e4 c5 2. Nf3 d6 3. d4 cxd4 4. Nxd4 Nf6 5. Nc3 g6 6. Bg5 Bg7 7. Qd2 h6 8. Bh4 Nc6
9. Nb3 g5 10. Bg3 Nh5 11. Be2 Nxg3 12. hxg3 Be6 13. O-O-O a5 14. a4 Bxb3
15. cxb3 Qb6 16. Bb5 O-O 17. Nd5 Qa7 18. Kb1 e6 19. Bxc6 bxc6 20. Ne3 Rfb8
21. Ng4 Rxb3 22. Nxh6+ Kf8 23. Qxd6+ Qe7 24. Qxc6 Rxb2+ 25. Kc1 Qa3 0-1

[Event "SK 41 International"]
[Site "Valby"]
[Date "1983.05.20"]
[Round "7"]
[White "Pedersen, Finn"]
[Black "Brinck Claussen, Bjorn"]
[Result "1/2-1/2"]
[WhiteElo "2325"]
[BlackElo "2380"]
[PlyCount "30"]
[EventDate "1983.05.12"]

1. e4 e5 2. Nf3 Nc6 3. Bb5 a6 4. Ba4 Nf6 5. Qe2 Be7 6. O-O b5 7. Bb3 O-O 8. a4
b4 9. a5 d6 10. h3 Be6 11. Bxe6 fxe6 12. d3 h6 13. Nbd2 Qe8 14. Nh2 Nh5 15. g3
Qg6 1/2-1/2

[Event "SK 41 International"]
[Site "Valby"]
[Date "1983.05.20"]
[Round "7"]
[White "Kovacs, Laszlo"]
[Black "Auchenberg, Per"]
[Result "1-0"]
[WhiteElo "2350"]
[BlackElo "2240"]
[PlyCount "55"]
[EventDate "1983.05.12"]

1. e4 c5 2. Nf3 e6 3. d4 cxd4 4. Nxd4 Nf6 5. Nc3 Bb4 6. Ndb5 Nc6 7. Bf4 Nxe4 8.
Qf3 Nxc3 9. bxc3 Ba5 10. Nd6+ Kf8 11. O-O-O f5 12. h4 Qf6 13. Rh3 Ne5 14. Qh5
Qg6 15. Qe2 Nf7 16. Rg3 Qf6 17. Nxf7 Qxf7 18. Bd6+ Ke8 19. Qe5 Bd8 20. Rxg7 Qf6
21. Be2 h5 22. Rg3 Qxe5 23. Bxe5 Rh7 24. Rg8+ Ke7 25. Bd6+ Kf7 26. Rxd8 b6 27.
Bf3 Bb7 28. Rxa8 1-0

[Event "SK 41 International"]
[Site "Valby"]
[Date "1983.05.22"]
[Round "8"]
[White "Auchenberg, Per"]
[Black "Pedersen, Finn"]
[Result "1/2-1/2"]
[WhiteElo "2240"]
[BlackElo "2325"]
[PlyCount "135"]
[EventDate "1983.05.12"]

1. d4 c5 2. d5 Nf6 3. c4 b5 4. g3 d6 5. Bg2 g6 6. Nf3 Bg7 7. O-O bxc4 8. Nfd2
O-O 9. Nxc4 Nbd7 10. Bd2 Nb6 11. Ba5 Ba6 12. Nba3 Rb8 13. b3 Qd7 14. Rc1 Qf5
15. Ne3 Qd7 16. Nec4 Qb7 17. Qd2 Ng4 18. h3 Ne5 19. Nxe5 Bxe5 20. Bc3 Bxc3 21.
Rxc3 Nd7 22. Nc2 Kg7 23. Kh2 Nf6 24. Re1 Qb5 25. e4 Qa5 26. Ne3 Rb5 27. Qb2 Kg8
28. Nc2 Rbb8 29. Rce3 Bb7 30. Na3 Qb4 31. Nc2 Qb6 32. Na3 a5 33. Nc4 Qb4 34. a3
Qb5 35. Qc3 a4 36. Bf1 Qd7 37. b4 cxb4 38. axb4 Ba6 39. Na3 Rfc8 40. Qd4 Bxf1
41. Rxf1 Qb7 42. b5 Ra8 43. Rd1 Rc5 44. Rdd3 Nd7 45. Rc3 Qa7 46. Rxc5 Qxc5 47.
Qxc5 Nxc5 48. f3 Kf8 49. Rc3 Ke8 50. Kg2 Kd7 51. Kf2 Kc7 52. Ke3 Kb6 53. Rc4
Rf8 54. f4 f5 55. e5 dxe5 56. fxe5 Rd8 57. Kd4 Nb3+ 58. Kc3 Rxd5 59. Rc6+ Kb7
60. Re6 Rd7 61. Nc4 Nc5 62. Na5+ Ka8 63. Rc6 Nb7 64. Nc4 Kb8 65. Kb4 Rd1 66.
Kxa4 Ra1+ 67. Kb4 Rb1+ 68. Ka4 1/2-1/2

[Event "SK 41 International"]
[Site "Valby"]
[Date "1983.05.22"]
[Round "8"]
[White "Hvenekilde, Jorgen"]
[Black "Horvath, Tamas"]
[Result "0-1"]
[WhiteElo "2260"]
[BlackElo "2410"]
[PlyCount "56"]
[EventDate "1983.05.12"]

1. d4 Nf6 2. c4 e6 3. Nf3 c5 4. d5 exd5 5. cxd5 d6 6. Nc3 g6 7. e4 Bg7 8. Be2
O-O 9. O-O Re8 10. Nd2 Na6 11. f4 c4 12. e5 dxe5 13. Nxc4 e4 14. Be3 Nb4 15. d6
Be6 16. Nb5 Nd3 17. Bxd3 exd3 18. Ne5 Nd5 19. Bf2 Nxf4 20. Nxd3 Bc4 21. Nxf4
Bxb5 22. Re1 Rxe1+ 23. Qxe1 Qxd6 24. Bg3 Re8 25. Qa5 Bc6 26. Rf1 Bxb2 27. h4
Re5 28. Ne2 Rxe2 0-1

[Event "SK 41 International"]
[Site "Valby"]
[Date "1983.05.23"]
[Round "9"]
[White "Horvath, Tamas"]
[Black "Brinck Claussen, Bjorn"]
[Result "1/2-1/2"]
[WhiteElo "2410"]
[BlackElo "2380"]
[PlyCount "47"]
[EventDate "1983.05.12"]

1. e4 d5 2. exd5 Qxd5 3. Nc3 Qa5 4. d4 Nf6 5. Nf3 Bf5 6. Bd2 c6 7. Bc4 e6 8.
Ne5 Bb4 9. a3 Bxc3 10. Bxc3 Qc7 11. Qe2 Nbd7 12. Nxd7 Qxd7 13. O-O O-O 14. Rfd1
Nd5 15. Be1 Rfd8 16. Rac1 Qc7 17. Ba2 Qf4 18. c4 Nf6 19. Qe3 Qxe3 20. fxe3 Bg4
21. Rd3 Ne4 22. Bb1 Bf5 23. Rb3 Rd7 24. Bxe4 1/2-1/2

[Event "SK 41 International"]
[Site "Valby"]
[Date "1983.05.23"]
[Round "9"]
[White "Clausen, Steen"]
[Black "Auchenberg, Per"]
[Result "1-0"]
[WhiteElo "2200"]
[BlackElo "2240"]
[PlyCount "83"]
[EventDate "1983.05.12"]

1. d4 Nf6 2. c4 g6 3. Nc3 d5 4. Nf3 Bg7 5. Bg5 Ne4 6. cxd5 Nxg5 7. Nxg5 e6 8.
Nf3 exd5 9. b4 O-O 10. e3 Be6 11. Be2 Nd7 12. O-O f5 13. Qb3 Kh8 14. Rac1 Bg8
15. Na4 a6 16. Nc5 Rb8 17. Nd3 Bf7 18. a4 Nb6 19. Nde5 Be8 20. b5 axb5 21. axb5
Bf6 22. Rc3 Qd6 23. Rfc1 Na8 24. Qa2 Bd7 25. Nxd7 Qxd7 26. Ne5 Bxe5 27. dxe5
Rfc8 28. Qa7 Qe6 29. f4 Kg8 30. Bf3 Rd8 31. Qa2 h5 32. Rd1 c6 33. Qa7 cxb5 34.
Qxb8 Rxb8 35. Bxd5 Kf7 36. Bxe6+ Kxe6 37. Rd6+ Kf7 38. Rf6+ Kg7 39. Rc5 b4 40.
Rb5 Nc7 41. Rc5 Ne8 42. Rb6 1-0

[Event "SK 41 International"]
[Site "Valby"]
[Date "1983.05.23"]
[Round "9"]
[White "Pedersen, Finn"]
[Black "Cramling, Pia"]
[Result "1/2-1/2"]
[WhiteElo "2325"]
[BlackElo "2355"]
[PlyCount "83"]
[EventDate "1983.05.12"]

1. e4 c5 2. c3 e6 3. d4 d5 4. exd5 Qxd5 5. Nf3 Nf6 6. Be2 Be7 7. O-O O-O 8. c4
Qd8 9. Nc3 cxd4 10. Nxd4 e5 11. Nc2 Nc6 12. Bg5 Be6 13. Qxd8 Rfxd8 14. Rfd1
Rac8 15. Ne3 Nd4 16. Bf1 g6 17. Kh1 Kg7 18. Kg1 h6 19. Bh4 g5 20. Bg3 Bd6 21.
f3 Nh5 22. Bf2 f5 23. Ned5 Nc6 24. Rac1 Kf7 25. Kh1 b6 26. Bg1 Bc5 27. Bxc5
bxc5 28. Re1 Nf6 29. Rcd1 Rb8 30. b3 Nd7 31. Nc7
Nd4 32. N3b5 a5 33. Nxd4 cxd4 34. Nxe6 Kxe6 35. Rxd4 a4 36. Rd5 axb3 37. axb3
Rxb3 38. Red1 Rb4 39. Rd6+ Ke7 40. Rxh6 Rbb8 41. Rhd6 Nc5 42. Rxd8 1/2-1/2

[Event "SK 41 International"]
[Site "Valby"]
[Date "1983.05.23"]
[Round "9"]
[White "Kovacs, Laszlo"]
[Black "Lengyel, Levente"]
[Result "1/2-1/2"]
[WhiteElo "2350"]
[BlackElo "2415"]
[PlyCount "24"]
[EventDate "1983.05.12"]

1. e4 e5 2. Nf3 Nc6 3. Bb5 a6 4. Bxc6 dxc6 5. O-O f6 6. d4 Bg4 7. dxe5 Qxd1 8.
Rxd1 fxe5 9. Rd3 Bxf3 10. gxf3 Nf6 11. Be3 Rd8 12. Rxd8+ Kxd8 1/2-1/2

[Event "SK 41 International"]
[Site "Valby"]
[Date "1983.05.23"]
[Round "9"]
[White "Poulsen, Allan"]
[Black "Hvenekilde, Jorgen"]
[Result "1-0"]
[WhiteElo "2340"]
[BlackElo "2260"]
[PlyCount "53"]
[EventDate "1983.05.12"]

1. e4 e6 2. d3 d5 3. Nd2 Nf6 4. Ngf3 b6 5. g3 dxe4 6. dxe4 Bc5 7. Bb5+ c6 8.
Bd3 e5 9. Nc4 O-O 10. Ncxe5 Nbd7 11. Bf4 Nxe5 12. Nxe5 Qe8 13. Qf3 b5 14. c3
Bb6 15. g4 Bc7 16. g5 Bxe5 17. Bxe5 Qxe5 18. gxf6 g6 19. O-O-O a5 20. h4 Be6
21. Rhg1 Bxa2 22. Rg5 Qe6 23. e5 a4 24. Qh5 Qxe5 25. Rxe5 gxh5 26. Rg1+ Kh8 27.
Rxh5 1-0